Normal view
MARC view
- أبو لبن، زياد
Entry Personal Name
001 - CONTROL NUMBER
- control field: 49270
003 - CONTROL NUMBER IDENTIFIER
- control field: JO-AjAnu
005 - DATE AND TIME OF LATEST TRANSACTION
- control field: 20230606082123.0
008 - FIXED-LENGTH DATA ELEMENTS
- fixed length control field: 230606|| aca||aabn | a|a d
040 ## - CATALOGING SOURCE
- Original cataloging agency: JO-AjAnu
- Transcribing agency: JO-AjAnu
100 ## - HEADING--PERSONAL NAME
- Personal name: أبو لبن، زياد
670 ## - SOURCE DATA FOUND
- Source citation: Work cat.: (JO-AjAnu)25198: أبو لبن، زياد, author, رؤيا من الداخل: حوارات مع الشعراء، ج1